000 00652nam a2200277Ia 4500
005 20260324121911.0
008 008 260324s9999 xx 000 0 eng d
020 _a9780203797006
037 _aEBOOK
040 _aCRL
040 _beng
040 _cCRL
041 _2eng
041 _aeng
084 _qCRL
100 _aVictoria Hazlitt
_91164314
245 4 _aThe Psychology of Infancy (Psychology Revivals)
260 _bTaylor and Francis
260 _c2013
365 _a
365 _b170
856 _uhttp://www.taylorfrancis.com/books/9780203797006
942 _cEBOOK
999 _c1756702
_d1756702